000 01348cam a22003737a 4500
003 CHAP
005 20220329135423.0
008 971013s1970 mex r 00010 spa d
010 _a36166
011 _a37138
035 _a41257
040 _cCHAP
090 _aFolleto 4488
100 0 0 _aPalacios Vélez, Oscar Luis.
_984852
245 0 _aInstructivo para el muestreo, registro de datos e interpretación de la calidad del agua para riego agrícola
260 _aChapingo, Méx. :
_bENA. Colegio de Postgraduados. Rama de Riego y Drenaje,
_c1970
300 _a49 p.
490 0 _aSerie apuntes
_v; 15
590 _aBATCH-UPD
_b10
_c20130110
_lUCH01
_h0156
590 _aBATCH-UPD
_b10
_c20130110
_lUCH01
_h2119
590 _aBATCH-UPD
_b10
_c20130409
_lUCH01
_h2159
590 _aBATCH-UPD
_b10
_c20130410
_lUCH01
_h1429
590 _aBATCH-UPD
_b10
_c20130914
_lUCH01
_h1856
590 _aCONVERSION
_b10
_c20130109
_lUCH01
_h1320
650 1 3 _aAgua
_xAnálisis
_92280
650 1 4 _aAgua para irrigacion
_xAnalisis.
_92433
700 0 _aAceves Navarro, Everardo.
_9530
830 0 _aSerie apuntes
_v; 15
_9104599
901 _aBK
942 _cFOLL
949 _aFolleto 4488
_bBC
_cFOLL
_d-94432
_eTS2
_fc.2
_i41257
_mD
_si
949 _aFolleto 4488
_bBC
_cFOLL
_d412573
_eTS2
_fc.3
_i41257
_si
949 _aFolleto 4488
_bBC
_cUACH
_d-94431
_eUACH
_i41257
_mD
_si
999 _c36166
_d36166